000 00730 a2200229 4500
001 TB12288
003 IN-BhIIT
005 20250317163002.0
008 250317b |||||||| |||| 00| 0 eng d
020 _a9789355516114 (pbk.)
040 _aIN-BhIIT
041 _aeng
082 _a005.1
_bCAL/M
100 _aCalles, Miguel A.
_eAuthor
_925823
245 _aMastering AWS serverless :
_barchitecting, developing, and deploying serverless solutions on AWS /
_cby Miguel A. Calles
260 _aNew Delhi :
_bBPB Publication,
_c2024.
300 _axxvii, 414 p. :
_bill. ;
_c24 cm.
504 _aIncludes bibliographical references and index.
650 _aProgramming
_97902
650 _aCloud Computing
_95251
942 _cTB
999 _c14784
_d14784